La tierra de las cuevas pintadas / (Record no. 289019)
[ view plain ]
| 000 -LEADER | |
|---|---|
| fixed length control field | 01350cam a2200409Ic 4500 |
| 001 - CONTROL NUMBER | |
| control field | ocn828267735 |
| 003 - CONTROL NUMBER IDENTIFIER | |
| control field | OCoLC |
| 005 - DATE AND TIME OF LATEST TRANSACTION | |
| control field | 20200320195052.0 |
| 008 - FIXED-LENGTH DATA ELEMENTS--GENERAL INFORMATION | |
| fixed length control field | 120702s2012 sp a 000 f spa d |
| 015 ## - NATIONAL BIBLIOGRAPHY NUMBER | |
| National bibliography number | MON1207 |
| 017 ## - COPYRIGHT OR LEGAL DEPOSIT NUMBER | |
| Copyright or legal deposit number | M 6274-2012 |
| Assigning agency | Oficina Depósito Legal Madrid |
| 020 ## - INTERNATIONAL STANDARD BOOK NUMBER | |
| International Standard Book Number | 9788415140641 |
| 020 ## - INTERNATIONAL STANDARD BOOK NUMBER | |
| International Standard Book Number | 8415140649 |
| 020 ## - INTERNATIONAL STANDARD BOOK NUMBER | |
| Terms of availability | 15.99 |
| 029 0# - (OCLC) | |
| OCLC library identifier | BNM |
| System control number | a5230065 |
| 035 ## - SYSTEM CONTROL NUMBER | |
| System control number | (OCoLC)828267735 |
| 040 ## - CATALOGING SOURCE | |
| Original cataloging agency | BNM |
| Language of cataloging | spa |
| Transcribing agency | BNM |
| Modifying agency | LPU |
| -- | WACOL |
| 041 1# - LANGUAGE CODE | |
| Language code of text/sound track or separate title | spa |
| Language code of original and/or intermediate translations of text | eng |
| 049 ## - LOCAL HOLDINGS (OCLC) | |
| Holding library | WACL |
| 080 ## - UNIVERSAL DECIMAL CLASSIFICATION NUMBER | |
| Universal Decimal Classification number | 821.111(73)-31"19" |
| 092 ## - LOCALLY ASSIGNED DEWEY CALL NUMBER (OCLC) | |
| Classification number | SPF |
| Item number | Aue |
| 100 1# - MAIN ENTRY--PERSONAL NAME | |
| Personal name | Auel, Jean M. |
| 9 (RLIN) | 11893 |
| 240 10 - UNIFORM TITLE | |
| Uniform title | <a href="Land of painted caves.">Land of painted caves.</a> |
| Language of a work | Spanish |
| 245 13 - TITLE STATEMENT | |
| Title | La tierra de las cuevas pintadas / |
| Statement of responsibility, etc | Jean M. Auel ; [traducción, Carlos Milla, Isabel Ferrer]. |
| 260 ## - PUBLICATION, DISTRIBUTION, ETC. (IMPRINT) | |
| Place of publication, distribution, etc | Madrid : |
| Name of publisher, distributor, etc | Embolsillo : |
| -- | Maeva, |
| Date of publication, distribution, etc | c2012. |
| 300 ## - PHYSICAL DESCRIPTION | |
| Extent | 895 p. : |
| Other physical details | maps ; |
| Dimensions | 19 cm. |
| 490 1# - SERIES STATEMENT | |
| Series statement | Los hijos de la tierra ; |
| Volume number/sequential designation | 6 |
| 490 1# - SERIES STATEMENT | |
| Series statement | EMbolsillo |
| Volume number/sequential designation | 87/6 |
| 700 1# - ADDED ENTRY--PERSONAL NAME | |
| Personal name | Milla Soler, Carlos |
| 9 (RLIN) | 5907476 |
| 700 1# - ADDED ENTRY--PERSONAL NAME | |
| Personal name | Ferrer, Isabel, |
| Fuller form of name | (Ferrer Marrades) |
| 9 (RLIN) | 5907477 |
| 800 1# - SERIES ADDED ENTRY--PERSONAL NAME | |
| Personal name | Auel, Jean M. |
| Dates associated with a name | 1936- |
| Title of a work | Earth's children. |
| Language of a work | Spanish ; |
| Volume/sequential designation | 6. |
| 9 (RLIN) | 5907478 |
| 830 #0 - SERIES ADDED ENTRY--UNIFORM TITLE | |
| Uniform title | EMbolsillo |
| Volume number/sequential designation | 87/6 |
| 9 (RLIN) | 5907479 |
| 942 ## - ADDED ENTRY ELEMENTS (KOHA) | |
| Koha item type | BOOK |
| 948 ## - LOCAL PROCESSING INFORMATION (OCLC); SERIES PART DESIGNATOR (RLIN) | |
| Series part designator, SPT (RLIN) | 03/04/2016 |
| z (OCLC) | Sirsi |
| 994 ## - | |
| -- | C0 |
| -- | WACOL |
| 996 ## - | |
| -- | 128980 |
| -- | 34301001462128 |
| -- | SPF |
| -- | bk |
| -- | wcl |
| -- | i |
| -- | 1 |
| -- | 17.95 |
| -- | sebco |
| -- | Aue |
| -- | 03/04/2016 |
| -- | 03/11/2019 |
| -- | 02/11/2019 |
| Withdrawn status | Lost status | Source of classification or shelving scheme | Damaged status | Not for loan | Collection code | Home library | Current library | Shelving location | Date acquired | Source of acquisition | Cost, normal purchase price | Total Checkouts | Full call number | Barcode | Date last seen | Date checked out | Cost, replacement price | Price effective from | Koha item type |
|---|---|---|---|---|---|---|---|---|---|---|---|---|---|---|---|---|---|---|---|
| Dewey Decimal Classification | Spanish Adult Fiction | Wasatch County Library | Wasatch County Library | First Floor | 03/04/2016 | SEBCO | 17.95 | 1 | F Aue | 34301001462128 | 10/02/2025 | 02/11/2019 | 17.95 | 03/20/2020 | BOOK |
